Stranger Things S1:E3 - Statistics

General Stats
  • This quiz has been taken 43 times
  • The average score is 9 of 20
Answer Stats
Hint Answer % Correct
Which one of the children storms off after the police find Will's body in the quarry? Mike
76%
When Joyce is communicating with Will, what does one blink mean? Yes
74%
What is Will's message to his mom when she asks what to do? Run
71%
A dumb person or a knucklehead is also known as a... Mouthbreather
65%
What animal did Dr. Brenner try to get Eleven to kill? A cat
59%
Which day of the week does Carol have detention? Saturday
56%
Hopper figures out that the Lab are lying about their CCTV footage. What was special about the night of the 6th/7th? There was a storm. Lots of rain that night. They called off the search party.
56%
When exploring Mike's house, Eleven sees an advert that reminds her of the Lab. What is the advert for? Coca-Cola
53%
In order to get clearance to look around Hawkins Lab, Hopper and the other officers are told to contact Rick Schaeffer at the Department of... Energy
50%
When running away from the monster, who's car does Joyce bump into? Jonathan's
50%
Name One of the snacks that Dustin brings. Nutty Bars, Bazooka, Pez, Smarties, Pringles, 'Nilla Wafers, Apple, Banana, Trail Mix
47%
What does Lucas call the slingshot? Wrist-Rocket
47%
What food item does Karen bring Joyce? A Casserole
41%
Where does Marissa, Hopper's one night stand, work? The Library
41%
For the supplies, Lucas brings binoculars and an army knife. Where are they from? 'Nam
35%
Where does Eleven tell the group that Will is hiding? The Byers house
35%
What is the name of Brenner's experiments that was part of his research at the CIA? MK Ultra
12%
Who gives the officers the above advice? Patrick
3%
On the chalkboard in Nancy's classroom, there is a reminder that all research pieces are due when? Dec 1
0%
What does Officer Powell call Hawkins Lab? Emerald City
0%
No matching quizzes found
Score Distribution
Percent of People with Each Score
Percentile by Number Answered
Your Score History
You have not taken this quiz